The literary life of Cairo : one hundred years in the heart of the city /

محفوظ في:

مؤلفون آخرون: Mehrez, Samia.

التنسيق: كتاب

اللغة: English

منشور في: Cairo ; New York : The American University in Cairo Press, 2011.

الموضوعات:

الوسوم: إضافة وسم

لا توجد وسوم, كن أول من يضع وسما على هذه التسجيلة!

رقم الطلب: DT144 .L572 2011

LEADER 00927namaa2200277 4500
001 19915
003 OSt
005 20250731101051.0
008 130303s2011 ua b 001 0 eng d
010 |a 2011381117 
020 |a 9789774163906 
040 |c ARCE Library 
043 |a f-ua--- 
050 4 |a DT144 .L572 2011 
245 0 4 |a The literary life of Cairo :   |b one hundred years in the heart of the city /   |c edited and introduced by Samia Mehrez. 
246 3 0 |a One hundred years in the heart of the city. 
264 1 |a Cairo ;   |a New York :   |b The American University in Cairo Press,   |c 2011. 
300 |a xv, 433 pages ;   |c 24 cm. 
504 |a Includes bibliographical references and index. 
651 0 |a Cairo (Egypt)  |x Social life and customs. 
651 0 |a Cairo (Egypt)  |x In literature. 
651 0 |a Egypt  |x In literature. 
700 1 |a Mehrez, Samia.  |9 35769 
901 |a reviewed 
942 |c BK  |2 lcc 
999 |c 16718  |d 16718